| 000 | 00505 a2200169 4500 | ||
|---|---|---|---|
| 003 | OSt | ||
| 005 | 20231107144657.0 | ||
| 008 | 231107b |||||||| |||| 00| 0 eng d | ||
| 020 | _a9788194716198 | ||
| 040 | _coclc | ||
| 082 |
_a954.83 _bEER/M |
||
| 100 |
_aEerattupetta, Jafar _99852 |
||
| 245 |
_aMalu: Malabar Samarathinte Penkaruth / _cJafar Eerattupetta |
||
| 260 |
_aKerala: _bYuvatha book house, _c2021. |
||
| 300 | _a121p | ||
| 942 |
_2ddc _cBK _h954.83 _iEER/M _k954.83 _mEER/M |
||
| 999 |
_c42859 _d42859 |
||